Trabajo asalariado y capital

Enregistré dans:
Détails bibliographiques
Auteur principal: Marx, Carlos
Format: Texte
Publié: s.l.: s.e.
Tags: Ajouter un tag
Pas de tags, Soyez le premier à ajouter un tag!

MARC

LEADER 00000 a a2200000 04500
001 22659
003
040
090 |a 155300  
100 |a Marx, Carlos  
245 |a Trabajo asalariado y capital  
260 |a s.l.:   |b s.e.  
300 |a 55 p.  
999 |c 15036  |d 15036